00351nam a2200145Ia 4500008004100000020001800041041000800059082001100067100001800078245001200096260005600108300000900164500000700173650002500180220803s9999 xx 000 0 und d a9781864705591 aeng a720.92 aGericke M Ed. aSafdie. aAustraliabImages Publishing Group Australia.c2014 a820p a35 aArchitectural Design